Statistics for Locations Featured in the Opening Credits of Game of Thrones

Click here to take the quiz!

General Stats

  • This quiz has been taken 739 times
    (643 since last reset)
  • The average score is 11 of 22

Answer Stats

General LocationFirst ApperanceTotal Episodes FeaturedAnswer% Correct
WesterosSeason 173Kings Landing
98%
WesterosSeason 173Winterfell
95%
WesterosSeason 173The Wall
90%
EssosSeason 421Braavos
71%
EssosSeason 430Meereen
65%
WesterosSeason 219Dragonstone
64%
WesterosSeason 59Dorne
57%
WesterosSeason 39Riverrun
57%
WesterosSeason 17The Eyrie
53%
EssosSeason 27Qarth
52%
WesterosSeason 15The Twins
51%
WesterosSeason 215Pyke
50%
EssosSeason 12Pentos
49%
EssosSeason 34Astapor
40%
WesterosSeason 215Harrenhal
40%
EssosSeason 115Vaes Dothrak
39%
EssosSeason 36Yunkai
39%
WesterosSeason 77Oldtown
35%
WesterosSeason 47The Dreadfort
29%
WesterosSeason 73Eastwatch-by-the-Sea
19%
WesterosSeason 86Last Hearth
17%
WesterosSeason 44Moat Cailin
15%

Score Distribution

Percentile by Number Answered

Percent of People with Each Score

Your Score History

You have not taken this quiz since the last reset